| 000 | 004350000a22001810004500 | ||
|---|---|---|---|
| 003 | MACL | ||
| 005 | 20151017125136.0 | ||
| 008 | 151017b xxu||||| |||| 00| 0 eng d | ||
| 040 |
_aMACL _cMACL |
||
| 041 | _aEnglish | ||
| 082 | _a920/MIS | ||
| 100 |
_aMishra, Subrata _915625 |
||
| 245 | _aFrieda Hauswirth Das | ||
| 260 |
_bRupantar _c2008 _aBhubaneswar |
||
| 350 | _a195 | ||
| 650 |
_aBiography _915626 |
||
| 942 |
_cBK _k920/MIS _2ddc |
||
| 999 |
_c42584 _d42584 |
||